000 00616nam a2200229Ia 4500
003 OSt
005 20220928102233.0
006 a|||||r|||| 00| 0
007 ta
008 220927b |||||||| |||| 00| 0 eng d
024 _a138969
037 _cTextual
040 _aSDCL
_cSDCL
_beng
041 _2eng
_aeng
082 _aDelta:864xM77,1, M2
100 _aDaivajna Mukunda
_9397315
245 0 _aNasta jatakam
260 _aNew Delhi
_bRanjan Publications
_c1982
300 _a150o
_ccm.
942 _hDelta:864xM77,1, M2
_cTEXL
_2CC
999 _c713101
_d713101